Wolves - One Direction - All Lyrics - Statistics

General Stats
  • This quiz has been taken 32 times
  • The average score is 359 of 456
Answer Stats
Answer % Correct
I
100%
in
96%
In
96%
middle
96%
night
96%
of
96%
out
96%
the
96%
when
96%
wolves
96%
come
92%
for
92%
hear
92%
heart
92%
heart,
92%
(Ooh)
92%
(Ooh-ohh,
92%
(Ooh-ooh,
92%
ooh-ooh)
92%
you
92%
You
92%
Your
92%
your
92%
a
88%
go"
88%
them
88%
They
88%
they
88%
by
84%
calling
84%
on
84%
bullet
80%
know,
80%
know
80%
like
80%
One
80%
one,
80%
straight
80%
to
80%
dark
76%
it
76%
And
72%
and
72%
But
72%
but
72%
going
72%
me
72%
my
72%
no
72%
all
68%
down
68%
got
68%
We
68%
at
64%
can
64%
It’s
64%
let
64%
run
64%
say
64%
take
64%
whole
64%
world
64%
ain't
60%
Ain't
60%
be
60%
can't
60%
"don't
60%
get
60%
Gotta
60%
gotta
60%
shaking
60%
start
60%
'bout
56%
chance
56%
feel
56%
fight
56%
make
56%
taking
56%
try
56%
without
56%
'Cause
52%
friends
52%
hide,
52%
is
52%
keep
52%
soul,
52%
soul
52%
talking
52%
through,
52%
through
52%
as
48%
ever
48%
getting
48%
gonna
48%
now
48%
rush
48%
up
48%
body's
44%
burning
44%
control
44%
deep
44%
eyes
44%
waves
44%
We’re
44%
could
40%
debating
40%
holding
40%
inside
40%
more
40%
started
40%
telling
40%
than
40%
true
40%
wasn't
40%
wish
40%
fire
36%
Headed
36%
Just
36%
keeps
36%
this
36%
tryna
36%
war
36%
demons
32%
door
32%
pulling
32%
starting
32%
tight
32%
walk
32%
world's
32%
battle
28%
beauty
28%
fighting
28%
fools
28%
piece
28%
trouble
28%
bringing
16%
No matching quizzes found
Score Distribution
Percent of People with Each Score
Percentile by Number Answered
Your Score History
You have not taken this quiz